000 00462nam a2200181Ia 4500
008 100917s9999 xx 000 0 und d
082 _b22366
100 _aपानवलकर श्री. दा.
245 _aऔदुंबर
260 _bमौज प्रकाशन
_c1963
300 _a206
365 _b6
520 _aकथा
630 _aऔदुंबर
650 _aकथा
730 _aऔदुंबर
942 _cBOOK
999 _c627760
_d627757